| 000 | 00751nam a22002057a 4500 | ||
|---|---|---|---|
| 999 |
_c16412 _d16412 |
||
| 003 | AR-CdUCM | ||
| 008 | 190503b ||||| |||| 00| 0 spa d | ||
| 040 |
_aMUNICIPALIDAD PROVINCIAL DEL CUSCO _cBIBLIOTECA MUNICIPAL DEL CUSCO |
||
| 082 |
_a850 / _bP25 |
||
| 100 |
_aPapini, Giovanni, _917817 |
||
| 245 | _aPalabras y sangre / | ||
| 260 |
_aSantiago de Chile : _bErcilla, _c1935. |
||
| 300 |
_a207 paginas ; _c20 cm |
||
| 505 | _aContenido : El 3 de septiembre -- La primera y la segunda -- El ultimo deseo -- El hombre de mi propiedad -- El prisionera de si mismo -- Quien me ama muere... | ||
| 650 |
_aNovelas Italianas _99649 |
||
| 650 |
_aItalia _92273 |
||
| 650 |
_aLiteratura europea _9894 |
||
| 942 |
_2ddc _cLIBROS |
||
| 945 |
_awnts _d2019-05-3 |
||